000 00482nam a2200169 a 4500
005 20210219153113.0
008 991125n 000 0 spa u
035 _aUPN01000078148
100 _aBernardino de Campos, Gilda Helena
222 _aTECNOLOGIA Y COMUNICACION EDUCATIVAS
245 _aEvaluacion de Productos Educativos Para Computadora
300 _a35-40
362 _a1991 Ano 6, No. 18
700 _aElliot, Ligia G.
904 _aAC
_b015959
905 _aArticulo
999 _c68534
_d68534